header

Letters (Record no. 103645)

MARC details
000 -LEADER
fixed length control field 01428nam a2200373 a 4500
100 0# - MAIN ENTRY--AUTHOR NAME
Personal name Leo
245 10 - TITLE STATEMENT
Title Letters
260 ## - PUBLICATION, DISTRIBUTION, ETC. (IMPRINT)
Place of publication New York :
Name of publisher Fathers of the Church, Inc.,
Year of publication 1957.
300 ## - PHYSICAL DESCRIPTION
Number of Pages 312 p.
490 1# - SERIES STATEMENT
Series statement The Fathers of the church, a new translation ;
500 ## - GENERAL NOTE
General note First paperback reprint, 2004.
650 #0 - SUBJECT ADDED ENTRY--TOPICAL TERM
Topical Term Theology
700 1# - ADDED ENTRY--PERSONAL NAME
Personal name Hunt, Edmund.
856 40 - ELECTRONIC LOCATION AND ACCESS
Uniform Resource Identifier http://site.ebrary.com/lib/rucke/Doc?id=10382804

No items available.

© 2026 Rongo University
Contact us: librarian | system librarian | Rongo university